000 00826nam a2200265Ia 4500
003 OSt
005 20251217162450.0
008 210210b2011 xxu||||| |||| 00| 0 eng d
020 _a9789350870297
040 _cAL
041 _aKannada
082 _aK894.109 SHRK
100 _aSHRIRAMA ACHANURA
_dಶ್ರೀರಾಮ ಅಚನೂರ
_9249388
245 _aKanakadasara chintaneya nele mattu darshana
_bಕನಕದಾಸರ ಚಿಂತನೆಯ ನೆಲೆ ಮತ್ತು ದರ್ಶನ
260 _aBAgalakota
_bGagan Publishers
_c2011
300 _axviii,265
650 _anele
_9249389
650 _amattu
_9249390
650 _aKanakadAsara
_9249391
650 _adarshana
_9249392
650 _achintaneya
_9249393
690 _aKannada Poetry Criticism
_9249394
906 _a068319
942 _2ddc
_cBK
999 _c152652
_d152652